zpět

Detail výsledku týmu

MaxWilliam, Znojmo

Datum a čas kvízu

32.5 Celkem bodů Celkový počet nahraných bodů na tomto kvízu bez doplňovacích otázek.
4. Pořadí na kvízu Konečné umístění týmu na tomto kvízu.

Zaznamenané odpovědi

# Otázka Odpověď Body Výsledky
1. Nově zvolený rektor brněnské M... Robert Plaga 1
2. Po několik posledních týdnů by... Severní Korea 1
3. V úterý začal pro Čínu nový ro... znamení Tygra 0
4. Minulý týden jsme se dozvěděli... Prima TV 0
5. První velké překvapení jarní č... Slavia Praha - MFK Karviná 0:1 1
6. Patrně nejznámější čarodějnicí... Kirké 0
7. Vzpomenete si na jméno tohoto... Čáryfuk 0
8. Nechvalnou součástí historie j... Salem 1
9. Ve filmové adaptaci knihy Čaro... (Somewhere) Over the Rainbow 0
10. Hlavní postava malé čarodějnic... Abraxas 0